| 000 | 01187nam a2200373 a 4500 | ||
|---|---|---|---|
| 001 | 000110250 | ||
| 003 | CHAP | ||
| 005 | 20220329144124.0 | ||
| 008 | 140806s2012 mx a |r| |||0|||spa d | ||
| 010 | _a106712 | ||
| 011 | _a107684 | ||
| 020 | _a9786074259865 | ||
| 040 | _cCHAP | ||
| 082 | 0 | 4 |
_a583.1704160972 _bK95 |
| 245 | 0 | 0 |
_aKuiemuxa : _balgodón nativo de México / _cpor Claudia Pérez Mendoza ...[et al.]. |
| 246 | 1 | _aKuiemuxa: Yeutánaka mekiku muti y+y+ ra | |
| 260 |
_aMéxico D.F. : _bINIFAP, _c2012. |
||
| 300 |
_a[72] p. : _bil. |
||
| 500 | _aedición bilingüe español - huichol (wixárika) | ||
| 504 | _aIncluye bibliografía | ||
| 590 |
_aE11695DGD _b10 _c20140811 _lUCH01 _h1444 |
||
| 590 |
_aE11695DGD _b10 _c20140811 _lUCH01 _h1445 |
||
| 590 |
_aE11695DGD _b10 _c20140811 _lUCH01 _h1447 |
||
| 590 |
_aE5652GLJ _b05 _c20140806 _lUCH01 _h1055 |
||
| 590 |
_aE5652GLJ _b05 _c20140806 _lUCH01 _h1058 |
||
| 650 | 1 | 4 |
_aAlgodón _xHistoria. _94021 |
| 650 | 1 | 4 |
_aAlgodón _xPropagación _94050 |
| 650 | 1 | 4 |
_aAlgodón _xSubproductos _94061 |
| 650 | 1 | 4 |
_aAlgodón _xUsos _94067 |
| 700 | 1 |
_aPérez Mendoza, Claudia _9127707 |
|
| 901 | _aBK | ||
| 942 | _cLIBRO | ||
| 942 | _n0 | ||
| 999 |
_c106712 _d106712 |
||